000 00348 a2200145 4500
001 167551
020 _a
040 _cMagnum
100 _aChiavenato, Idalberto
240 1 0 _aIntroducao a teoria geral da administracao
_lpor
245 1 0 _aIntroducao a teoria geral da administracao
362 0 _a1899
697 _aADMINISTRACAO
942 _cBK
999 _c167551
_d167551